[Event "CYCC U16 w"]
[Site "Victoria CAN"]
[Date "2005.03.24"]
[Round "1.1"]
[White "Fisher, Starleen"]
[Black "Tang, Tiffany"]
[Result "0-1"]
[WhiteElo "826"]
[BlackElo "1750"]
[PlyCount "58"]
[GameId "2160767910965302"]
[EventDate "2005.03.24"]
[EventType "swiss"]
[EventRounds "5"]
[EventCountry "CAN"]

1. e3 g6 2. Bc4 Bg7 3. Qf3 e6 4. Na3 d5 5. Bb5+ Bd7 6. Ne2 Ne7 7. h4 h5 8. Qf4 a6 9. Bd3 O-O 10. Nd4 c5 11. Nf3 Nbc6 12. Rb1 e5 13. Qg3 e4 14. Be2 exf3 15. Bxf3 Kh7 16. c4 Be5 17. cxd5 Bxg3 18. fxg3 Ne5 19. Be2 Nxd5 20. b3 Bf5 21. Rb2 Nb4 22. Nc4 Ned3+ 23. Bxd3 Nxd3+ 24. Kf1 Nxc1 25. Rb1 Bxb1 26. Na3 Be4 27. Kf2 Qxd2+ 28. Kf1 Qxg2+ 29. Ke1 Qe2# 0-1

[Event "CYCC U16 w"]
[Site "Victoria CAN"]
[Date "2005.03.24"]
[Round "2"]
[White "Chi, Megan"]
[Black "Dinca, Cornelia"]
[Result "0-1"]
[WhiteElo "1504"]
[BlackElo "2127"]
[PlyCount "68"]
[GameId "2160767910965303"]
[EventDate "2005.03.24"]
[EventType "swiss"]
[EventRounds "5"]
[EventCountry "CAN"]
[SourceTitle "EXT 2006"]
[Source "ChessBase"]
[SourceDate "2005.11.24"]
[SourceVersion "1"]
[SourceVersionDate "2005.11.24"]
[SourceQuality "1"]

1. d4 f5 2. c4 b6 3. Nf3 Bb7 4. e3 Nf6 5. Nc3 e6 6. Be2 Be7 7. Bd2 O-O 8. O-O h6 9. Rc1 d6 10. h3 Nbd7 11. Qc2 a6 12. Rfe1 Ne4 13. a3 Qe8 14. b4 g5 15. Nh2 Ndf6 16. Qd1 Qg6 17. Bf3 h5 18. g3 Rf7 19. Kf1 g4 20. hxg4 hxg4 21. Bxe4 Nxe4 22. Qe2 Nxd2+ 23. Qxd2 Rh7 24. f3 gxf3 25. Qf2 Qh5 26. Rc2 Rg7 27. Qg1 Bh4 28. Rd1 Bxg3 29. Rdd2 Qh3+ 30. Rg2 fxg2+ 31. Ke2 Bxh2 32. Qf2 Qf3+ 33. Qxf3 Bxf3+ 34. Kxf3 g1=Q 0-1

[Event "CYCC U16 w"]
[Site "Victoria CAN"]
[Date "2005.03.24"]
[Round "2.1"]
[White "Mandamin, Amelia"]
[Black "Tang, Tiffany"]
[Result "0-1"]
[WhiteElo "919"]
[BlackElo "1750"]
[PlyCount "28"]
[GameId "2160767910965304"]
[EventDate "2005.03.24"]
[EventType "swiss"]
[EventRounds "5"]
[EventCountry "CAN"]

1. e4 c5 2. c3 d5 3. Qc2 dxe4 4. Qxe4 Nf6 5. Qc2 g6 6. b4 cxb4 7. cxb4 Bf5 8. Qc4 Nbd7 9. Nf3 Rc8 10. Qb3 Rxc1+ 11. Ke2 Qc7 12. d3 Bg7 13. Ng5 Qe5+ 14. Kf3 Bg4# 0-1

[Event "CYCC U16 w"]
[Site "Victoria CAN"]
[Date "2005.03.24"]
[Round "2.2"]
[White "Fisher, Starleen"]
[Black "Ho, Patricia"]
[Result "0-1"]
[WhiteElo "826"]
[BlackElo "1691"]
[PlyCount "50"]
[GameId "2160767910965305"]
[EventDate "2005.03.24"]
[EventType "swiss"]
[EventRounds "5"]
[EventCountry "CAN"]

1. e3 e5 2. Qf3 Nf6 3. Bc4 d5 4. Bb5+ c6 5. Ba4 Bd6 6. Nc3 Bg4 7. Qg3 h5 8. f3 e4 9. h3 Bxg3+ 10. Kd1 Bd7 11. Nge2 h4 12. Nd4 O-O 13. b3 b5 14. Bxb5 cxb5 15. Ncxb5 Bxb5 16. Nxb5 Nc6 17. Ba3 Re8 18. Ke2 d4 19. Bb2 d3+ 20. cxd3 Qxd3+ 21. Kd1 Qxb5 22. Rc1 Rad8 23. Rf1 Qxf1+ 24. Kc2 Qd3+ 25. Kd1 Qxd2# 0-1

[Event "CYCC U16 w"]
[Site "Victoria CAN"]
[Date "2005.03.25"]
[Round "3"]
[White "Chi, Megan"]
[Black "Mandamin, Amelia"]
[Result "1-0"]
[WhiteElo "1504"]
[BlackElo "919"]
[PlyCount "119"]
[GameId "2160767910965306"]
[EventDate "2005.03.24"]
[EventType "swiss"]
[EventRounds "5"]
[EventCountry "CAN"]

1. d4 e6 2. c4 c6 3. Nc3 g6 4. Nf3 f5 5. Bf4 b5 6. cxb5 cxb5 7. Nxb5 Qa5+ 8. Nc3 Qb6 9. Rb1 Nf6 10. Be5 Be7 11. h3 Rf8 12. e3 Nh5 13. Be2 Ba6 14. a3 Bxe2 15. Qxe2 a6 16. O-O Nc6 17. Bh2 f4 18. Rfd1 g5 19. Ne1 Ng7 20. Ne4 d5 21. Nc3 Rb8 22. Qd3 h5 23. exf4 gxf4 24. Qg6+ Kd7 25. Qxg7 h4 26. Qg6 Rg8 27. Qd3 Rbf8 28. Ne2 e5 29. dxe5 Kc7 30. Nf3 Kb7 31. Nxf4 Bc5 32. Rf1 Nd4 33. Nxd4 Bxd4 34. Qh7+ Kc6 35. Qh6+ Kb5 36. Qxb6+ Kxb6 37. Ne6 Rc8 38. Nxd4 Rg7 39. f4 Rc4 40. Rbd1 a5 41. e6 Kc5 42. Nf5 Rg8 43. e7 Kb5 44. Nd6+ Kc5 45. Nxc4 Kxc4 46. f5 Re8 47. f6 Kc5 48. f7 Rxe7 49. f8=Q Kc4 50. Qxe7 d4 51. Rxd4+ Kxd4 52. Qxh4+ Kd3 53. Qf2 Kc4 54. Qf3 Kb5 55. Qf4 a4 56. Re1 Kc5 57. Re5+ Kd6 58. Qf6+ Kd7 59. Re7+ Kd8 60. Qf8# 1-0

[Event "CYCC U16 w"]
[Site "Victoria CAN"]
[Date "2005.03.25"]
[Round "3"]
[White "Dinca, Cornelia"]
[Black "Fisher, Starleen"]
[Result "1-0"]
[WhiteElo "1825"]
[BlackElo "826"]
[PlyCount "39"]
[GameId "2160767910965307"]
[EventDate "2005.03.24"]
[EventType "swiss"]
[EventRounds "5"]
[EventCountry "CAN"]

1. e4 Nh6 2. d4 e6 3. Bc4 Bb4+ 4. c3 Ba5 5. Qf3 c6 6. Ne2 d5 7. Bd3 f5 8. e5 g5 9. Qh5+ Nf7 10. f4 Bc7 11. fxg5 Rg8 12. h4 Kf8 13. Nf4 Bxe5 14. dxe5 Nxe5 15. Be2 Bd7 16. Qh6+ Ke8 17. Qxh7 Rf8 18. Bh5+ Nf7 19. g6 Rh8 20. Qxf7# 1-0

[Event "CYCC U16 w"]
[Site "Victoria CAN"]
[Date "2005.03.25"]
[Round "3.6"]
[White "Tang, Tiffany"]
[Black "Ho, Patricia"]
[Result "1-0"]
[WhiteElo "1750"]
[BlackElo "1691"]
[PlyCount "57"]
[GameId "2160767910965308"]
[EventDate "2005.03.24"]
[EventType "swiss"]
[EventRounds "5"]
[EventCountry "CAN"]

1. e4 e5 2. Nf3 Nc6 3. Bb5 Nge7 4. c3 d6 5. O-O Bd7 6. Re1 Ng6 7. h3 Be7 8. d4 O-O 9. Ba4 Kh8 10. Nbd2 f5 11. exf5 Rxf5 12. Bc2 Rf7 13. Bxg6 hxg6 14. dxe5 Nxe5 15. Nxe5 dxe5 16. Nf3 Bf6 17. Nxe5 Bxe5 18. Rxe5 Qf6 19. Re2 Bc6 20. Be3 Be4 21. Bd4 Qf5 22. Qd2 Rd7 23. Rae1 Bxg2 24. Qh6+ Kg8 25. Re8+ Rxe8 26. Rxe8+ Kf7 27. Qh8 Qb1+ 28. Kxg2 g5 29. Qg8+ 1-0

[Event "CYCC U16 w"]
[Site "Victoria CAN"]
[Date "2005.03.25"]
[Round "4.1"]
[White "Tang, Tiffany"]
[Black "Chi, Megan"]
[Result "1-0"]
[WhiteElo "1750"]
[BlackElo "1504"]
[PlyCount "71"]
[GameId "2160767910965309"]
[EventDate "2005.03.24"]
[EventType "swiss"]
[EventRounds "5"]
[EventCountry "CAN"]

1. e4 c5 2. Nc3 d6 3. g3 Nf6 4. Bg2 g6 5. d3 Bg7 6. Be3 Nc6 7. h3 Be6 8. Qd2 Rc8 9. Nge2 h5 10. Nf4 Bd7 11. Rb1 b6 12. Nfd5 Be6 13. Nxf6+ Bxf6 14. Bg5 Bg7 15. h4 Nd4 16. O-O Qd7 17. a3 Rc7 18. Kh2 a6 19. Nd5 Bxd5 20. exd5 f6 21. Bf4 Kf7 22. c3 Nf5 23. Bh3 b5 24. Rbe1 Re8 25. Re6 Ra7 26. Rfe1 Qb7 27. Bxf5 gxf5 28. c4 Raa8 29. Qe2 Rad8 30. Qxh5+ Kg8 31. Bxd6 Rd7 32. Qxe8+ Kh7 33. Rxe7 Rxe7 34. Rxe7 Qb6 35. Qh5+ Kg8 36. Re8+ 1-0

[Event "CYCC U16 w"]
[Site "Victoria CAN"]
[Date "2005.03.25"]
[Round "4.2"]
[White "Ho, Patricia"]
[Black "Dinca, Cornelia"]
[Result "1-0"]
[WhiteElo "1691"]
[BlackElo "1825"]
[PlyCount "157"]
[GameId "2160767910965310"]
[EventDate "2005.03.24"]
[EventType "swiss"]
[EventRounds "5"]
[EventCountry "CAN"]

1. e4 c5 2. Nf3 d6 3. d4 cxd4 4. Nxd4 Nf6 5. Nc3 Nc6 6. f3 Qb6 7. Bb5 Bd7 8. Nb3 a6 9. Be2 e6 10. Bg5 Be7 11. Qd2 h6 12. Be3 Qc7 13. O-O O-O 14. Na4 b5 15. Nb6 Rad8 16. Nxd7 Rxd7 17. Qe1 Ne5 18. c3 d5 19. exd5 Nxd5 20. Bd4 Ng6 21. g3 Bg5 22. Bd3 e5 23. Bf2 f5 24. Nc5 Rd6 25. h4 Bxh4 26. gxh4 Ngf4 27. Kh2 Rc6 28. Bc2 Nh5 29. Kh1 Ndf4 30. Rd1 Nh3 31. Bb3+ Kh8 32. Ne6 Rxe6 33. Bxe6 Nxf2+ 34. Qxf2 Qe7 35. Bb3 f4 36. Rg1 Ng3+ 37. Rxg3 fxg3 38. Qxg3 Qf6 39. Bc2 Qc6 40. Be4 Qf6 41. Kg2 Kg8 42. Rd5 Re8 43. Qg6 Qe7 44. Rd6 Kf8 45. Qf5+ Kg8 46. Bd5+ Kh8 47. Re6 Qd7 48. Rxe8+ Qxe8 49. Qf7 Qd8 50. Qe6 a5 51. Kg3 Qb8 52. Kg4 Kh7 53. Be4+ Kh8 54. b3 a4 55. bxa4 bxa4 56. a3 Qf8 57. Qxe5 Qc8+ 58. Qf5 Qg8 59. Qh7+ Qxh7 60. Bxh7 Kxh7 61. Kf5 Kg8 62. Ke6 Kf8 63. Kd7 g5 64. hxg5 h5 65. c4 h4 66. c5 h3 67. c6 h2 68. c7 h1=Q 69. c8=Q+ Kg7 70. Qc3+ Kh7 71. Qd3+ Kh8 72. Qd4+ Kg8 73. Qd5+ Kg7 74. Qe5+ Kh7 75. Qe4+ Kg7 76. Ke7 Qh2 77. f4 Qf2 78. Qe5+ Kg8 79. Kf6 1-0

[Event "CYCC U16 w"]
[Site "Victoria CAN"]
[Date "2005.03.25"]
[Round "4.3"]
[White "Mandamin, Amelia"]
[Black "Fisher, Starleen"]
[Result "1-0"]
[WhiteElo "919"]
[BlackElo "826"]
[PlyCount "55"]
[GameId "2160767910965311"]
[EventDate "2005.03.24"]
[EventType "swiss"]
[EventRounds "5"]
[EventCountry "CAN"]

1. e3 a5 2. c3 c5 3. d4 b6 4. Nh3 d6 5. Na3 e5 6. Qb3 Be6 7. d5 Bf5 8. Ng5 Qxg5 9. Nb5 Na6 10. Nxd6+ Bxd6 11. Qxb6 Ne7 12. Bb5+ Bd7 13. Bxa6 Rb8 14. Qxa5 Qg6 15. g3 O-O 16. Kd2 Nxd5 17. Bd3 f5 18. Bc4 Bc7 19. Bxd5+ Kh8 20. Qxc7 Rfc8 21. Qxd7 Qe8 22. Qxf5 Rd8 23. c4 Qa4 24. b3 Qa5+ 25. Ke2 Rf8 26. Qh3 Rb6 27. Be4 Rbf6 28. Qxh7# 1-0

[Event "CYCC U16 w"]
[Site "Victoria CAN"]
[Date "2005.03.26"]
[Round "5.2"]
[White "Mandamin, Amelia"]
[Black "Ho, Patricia"]
[Result "0-1"]
[WhiteElo "919"]
[BlackElo "1691"]
[PlyCount "82"]
[GameId "2160767910965313"]
[EventDate "2005.03.24"]
[EventType "swiss"]
[EventRounds "5"]
[EventCountry "CAN"]

1. e3 e5 2. c3 d5 3. b4 Bf5 4. Nf3 Nd7 5. Qb3 Ngf6 6. Nh4 Be6 7. d4 Ng4 8. Be2 Qxh4 9. g3 Qf6 10. f3 Nh6 11. Na3 c6 12. b5 Nb6 13. c4 Bxa3 14. Bxa3 dxc4 15. Qb4 Nd5 16. Qd6 Rd8 17. dxe5 Qe7 18. Qxe7+ Nxe7 19. bxc6 Nxc6 20. Bb2 Nb4 21. O-O Rd2 22. Ba3 Nc2 23. Rac1 Nxa3 24. Bd1 O-O 25. Rf2 Rfd8 26. Rxd2 Rxd2 27. f4 Nf5 28. g4 Nxe3 29. Bf3 Bd5 30. Rc3 Bxf3 31. Rxe3 Rd3 32. Re1 Rd1 33. Rxd1 Bxd1 34. f5 c3 35. e6 fxe6 36. fxe6 Kf8 37. Kf2 c2 38. Kg3 c1=Q 39. Kh4 Qc4 40. h3 Qxe6 41. Kh5 Qh6# 0-1

[Event "CYCC U16 w"]
[Site "Victoria CAN"]
[Date "2005.03.26"]
[Round "5.3"]
[White "Fisher, Starleen"]
[Black "Chi, Megan"]
[Result "0-1"]
[WhiteElo "826"]
[BlackElo "1504"]
[PlyCount "59"]
[GameId "2160767910965314"]
[EventDate "2005.03.24"]
[EventType "swiss"]
[EventRounds "5"]
[EventCountry "CAN"]

1. e3 d5 2. Bb5+ Nd7 3. Nh3 Ngf6 4. Qf3 e6 5. c4 a6 6. Ba4 dxc4 7. b3 cxb3 8. axb3 Rb8 9. g4 b5 10. Bb2 Bb7 11. Qe2 Bxh1 12. f3 bxa4 13. bxa4 Rxb2 14. Na3 Nc5 15. Nc4 Rc2 16. Na3 Rb2 17. Nc4 Rb4 18. Nf2 Bxf3 19. Qxf3 Rxc4 20. a5 Qd5 21. Qe2 Be7 22. Rb1 O-O 23. Rd1 Rc2 24. Qf1 Rd8 25. Qh1 Qxh1+ 26. Nxh1 Nb3 27. Ng3 Rdxd2 28. Rb1 Nxa5 29. Nf1 Rd3 30. Ng3 0-1

[Event "CYCC U18"]
[Site "Victoria CAN"]
[Date "2005.03.24"]
[Round "1"]
[White "Davies, Lucas"]
[Black "Lee, Jason"]
[Result "1-0"]
[WhiteElo "2140"]
[BlackElo "1893"]
[PlyCount "95"]
[GameId "2160767910965315"]
[EventDate "2005.03.24"]
[EventType "swiss"]
[EventRounds "7"]
[EventCountry "CAN"]
[SourceTitle "EXT 2006"]
[Source "ChessBase"]
[SourceDate "2005.11.24"]
[SourceVersion "1"]
[SourceVersionDate "2005.11.24"]
[SourceQuality "1"]

1. e4 c5 2. Nc3 Nc6 3. g3 g6 4. Bg2 Bg7 5. d3 e6 6. Be3 d6 7. Qd2 a6 8. Nge2 Nd4 9. Nc1 Ne7 10. Nd1 h5 11. c3 Ndc6 12. h4 Ne5 13. f3 Qc7 14. Nf2 d5 15. Ne2 dxe4 16. Nxe4 b6 17. Bg5 Bb7 18. O-O O-O 19. Nf6+ Kh8 20. Qf4 Rac8 21. Rad1 Nd5 22. Nxd5 Bxd5 23. Bf6 Kg8 24. Bxg7 Kxg7 25. g4 Bxa2 26. gxh5 Rh8 27. Ng3 Bd5 28. hxg6 Nxg6 29. Qg5 Qe5 30. Rfe1 Qxg5 31. hxg5 Nf4 32. d4 Kg6 33. Re5 Rh4 34. dxc5 bxc5 35. Ra1 Rch8 36. Nf1 Nh3+ 37. Bxh3 Rxh3 38. Rxa6 Rxf3 39. Rxd5 Rh4 40. Rd2 Rhf4 41. Nh2 Re3 42. Ra1 Rfe4 43. Rf1 c4 44. Rg2 Re2 45. Rxe2 Rxe2 46. Rf2 Re1+ 47. Kg2 Kxg5 48. Nf3+ 1-0

[Event "CYCC U18"]
[Site "Victoria CAN"]
[Date "2005.03.24"]
[Round "1.1"]
[White "Kostin, Andrey"]
[Black "Bluvshtein, Mark"]
[Result "0-1"]
[WhiteElo "1992"]
[BlackElo "2526"]
[PlyCount "72"]
[GameId "2160767910965316"]
[EventDate "2005.03.24"]
[EventType "swiss"]
[EventRounds "7"]
[EventCountry "CAN"]

1. e4 c5 2. Nf3 d6 3. Bb5+ Nd7 4. d4 Ngf6 5. O-O a6 6. Bxd7+ Nxd7 7. c4 e6 8. Bg5 Qb6 9. b3 h6 10. Bc1 Be7 11. Bb2 O-O 12. Nc3 Qc7 13. Qe2 b6 14. Rad1 Bb7 15. Kh1 Rad8 16. Ne1 cxd4 17. Rxd4 Nc5 18. f3 Rfe8 19. Qc2 Qc6 20. Rd1 b5 21. cxb5 axb5 22. Rf2 b4 23. Ne2 Qa6 24. Ba1 d5 25. exd5 Rxd5 26. Rxd5 Bxd5 27. Bd4 Rc8 28. Qd2 Qd6 29. Nc1 e5 30. Bxc5 Qxc5 31. Ncd3 Qd6 32. Re2 e4 33. fxe4 Ba8 34. Nc2 Bg5 35. Qd1 Rd8 36. Nce1 Qd4 0-1

[Event "CYCC U18"]
[Site "Victoria CAN"]
[Date "2005.03.24"]
[Round "1.2"]
[White "Stevens, Christian"]
[Black "Daswani, Benedict"]
[Result "1-0"]
[WhiteElo "2344"]
[BlackElo "1983"]
[PlyCount "91"]
[GameId "2160767910965317"]
[EventDate "2005.03.24"]
[EventType "swiss"]
[EventRounds "7"]
[EventCountry "CAN"]

1. e4 g6 2. d4 d6 3. Nf3 Bg7 4. Nc3 Nf6 5. Be2 c5 6. dxc5 Qa5 7. cxd6 Nxe4 8. O-O Nxc3 9. bxc3 O-O 10. dxe7 Re8 11. Bc4 Qc5 12. Bb3 Bg4 13. h3 Bxf3 14. Qxf3 Rxe7 15. Bb2 Nc6 16. Rfe1 Ne5 17. Qd5 Qxd5 18. Bxd5 Rae8 19. Kf1 Nc6 20. Rxe7 Rxe7 21. Re1 Rxe1+ 22. Kxe1 Kf8 23. Ba3+ Ke8 24. Kd2 Bh6+ 25. Kd3 Ne5+ 26. Ke4 Nc6 27. Bc5 a6 28. Kd3 Ne5+ 29. Kd4 Nc6+ 30. Kc4 Bg7 31. Bxc6+ bxc6 32. Kb4 Kd7 33. Bd4 Bf8+ 34. Ka5 c5 35. Be3 Ke6 36. Kxa6 Bg7 37. c4 Bc3 38. Ka7 f6 39. Bh6 g5 40. Bf8 Bd4 41. f3 Be5 42. a4 Bd4 43. Be7 h6 44. Bd8 Be5 45. g4 Kd7 46. Kb7 1-0

[Event "CYCC U18"]
[Site "Victoria CAN"]
[Date "2005.03.24"]
[Round "1.3"]
[White "Abrahams, Daniel"]
[Black "Meng, Fanhao"]
[Result "0-1"]
[WhiteElo "1927"]
[BlackElo "2246"]
[PlyCount "74"]
[GameId "2160767910965318"]
[EventDate "2005.03.24"]
[EventType "swiss"]
[EventRounds "7"]
[EventCountry "CAN"]

1. d4 g6 2. Nf3 Bg7 3. Bf4 d6 4. e3 Nf6 5. h3 Nbd7 6. Be2 O-O 7. O-O b6 8. a4 a5 9. c4 Bb7 10. Nc3 Re8 11. Bh2 e5 12. Rc1 Qe7 13. Nd2 Rf8 14. Bf3 c6 15. Re1 Ne8 16. Qb3 Kh8 17. Rcd1 f5 18. dxe5 dxe5 19. e4 f4 20. Bg4 Nc5 21. Qc2 Ba6 22. Nb3 Bxc4 23. Nxc5 Qxc5 24. b3 Bg8 25. Qb2 Nf6 26. Kh1 Nxg4 27. hxg4 f3 28. Rd7 Be6 29. Rc7 fxg2+ 30. Kxg2 Bxg4 31. Nd5 Bf3+ 32. Kg1 b5 33. Qd4 exd4 34. Rxc6 d3 35. Bf4 Rxf4 36. Nxf4 d2 37. Kf1 Rd8 0-1

[Event "CYCC U18"]
[Site "Victoria CAN"]
[Date "2005.03.24"]
[Round "1.4"]
[White "Davies, Lucas"]
[Black "Lee, Jason"]
[Result "1-0"]
[WhiteElo "2140"]
[BlackElo "1894"]
[PlyCount "20"]
[GameId "2160767910965319"]
[EventDate "2005.03.24"]
[EventType "swiss"]
[EventRounds "7"]
[EventCountry "CAN"]

1. e4 c5 2. Nc3 Nc6 3. g3 g6 4. Bg2 Bg7 5. d3 e6 6. Be3 d6 7. Qd2 a6 8. Nge2 Nd4 9. Nc1 Ne7 10. N1e2 h5 1-0

[Event "CYCC U18"]
[Site "Victoria CAN"]
[Date "2005.03.24"]
[Round "1.5"]
[White "Harper, Jamie"]
[Black "Yuan, Michael"]
[Result "0-1"]
[WhiteElo "1606"]
[BlackElo "2131"]
[PlyCount "42"]
[GameId "2160767910965320"]
[EventDate "2005.03.24"]
[EventType "swiss"]
[EventRounds "7"]
[EventCountry "CAN"]

1. e4 c5 2. Nc3 Nc6 3. g3 g6 4. Bg2 Bg7 5. d3 d6 6. Nge2 e6 7. O-O Nge7 8. Be3 Rb8 9. Qd2 b5 10. Bh6 O-O 11. Bxg7 Kxg7 12. Nd1 Qc7 13. Ne3 Rd8 14. Rfd1 d5 15. exd5 exd5 16. d4 cxd4 17. Nxd4 Ne5 18. Nf3 Nxf3+ 19. Bxf3 d4 20. c3 dxe3 21. Qxd8 exf2+ 0-1

[Event "CYCC U18"]
[Site "Victoria CAN"]
[Date "2005.03.24"]
[Round "2.1"]
[White "Bluvshtein, Mark"]
[Black "Davies, Lucas"]
[Result "1-0"]
[WhiteElo "2526"]
[BlackElo "2140"]
[PlyCount "43"]
[GameId "2160767910965322"]
[EventDate "2005.03.24"]
[EventType "swiss"]
[EventRounds "7"]
[EventCountry "CAN"]

1. d4 Nf6 2. c4 e6 3. Nc3 Bb4 4. f3 Nc6 5. a3 Bxc3+ 6. bxc3 d5 7. e3 O-O 8. cxd5 exd5 9. Bd3 Re8 10. Ne2 b6 11. Ng3 a5 12. O-O Bb7 13. Ra2 Nb8 14. Rb2 Qe7 15. e4 Nfd7 16. e5 Ba6 17. Re2 c5 18. Nf5 Qe6 19. f4 Rf8 20. Re3 Bxd3 21. Qxd3 Kh8 22. Nxg7 1-0

[Event "CYCC U18"]
[Site "Victoria CAN"]
[Date "2005.03.24"]
[Round "2.2"]
[White "Yuan, Michael"]
[Black "Stevens, Christian"]
[Result "0-1"]
[WhiteElo "2131"]
[BlackElo "2344"]
[PlyCount "58"]
[GameId "2160767910965323"]
[EventDate "2005.03.24"]
[EventType "swiss"]
[EventRounds "7"]
[EventCountry "CAN"]

1. e4 c5 2. Nf3 e6 3. d4 cxd4 4. Nxd4 a6 5. Bd3 Bc5 6. Nb3 Be7 7. Be3 d6 8. N1d2 Nd7 9. f4 Qc7 10. Qe2 b5 11. c4 b4 12. O-O Ngf6 13. Rac1 Bb7 14. g4 h5 15. g5 Ng4 16. h3 Nxe3 17. Qxe3 g6 18. Nf3 a5 19. f5 O-O 20. fxe6 fxe6 21. c5 dxc5 22. Nfd4 Rxf1+ 23. Bxf1 Qe5 24. Nxe6 Bd5 25. Nc7 Bxg5 26. Qe1 Bxc1 27. Nxd5 Bxb2 28. Nd2 Rf8 29. Nc4 Bd4+ 0-1

[Event "CYCC U18"]
[Site "Victoria CAN"]
[Date "2005.03.24"]
[Round "2.4"]
[White "Lee, Jason"]
[Black "Kostin, Andrey"]
[Result "1-0"]
[WhiteElo "1894"]
[BlackElo "1992"]
[PlyCount "83"]
[GameId "2160767910965325"]
[EventDate "2005.03.24"]
[EventType "swiss"]
[EventRounds "7"]
[EventCountry "CAN"]

1. d4 d5 2. c4 e6 3. Nc3 c6 4. cxd5 exd5 5. Nf3 Nf6 6. Bg5 Be7 7. e3 O-O 8. Bd3 h6 9. Bh4 Ne4 10. Bxe7 Qxe7 11. Ne5 Nd7 12. Nxd7 Bxd7 13. O-O Nxc3 14. bxc3 Qg5 15. c4 Bg4 16. Be2 Bh3 17. Bf3 dxc4 18. Rb1 Rab8 19. Qa4 Bf5 20. e4 Be6 21. Qxa7 b5 22. Qc7 Rfc8 23. Qd6 c3 24. a3 c5 25. d5 Bg4 26. h4 Qh5 27. Qg3 Bxf3 28. gxf3 b4 29. Rfc1 Rb6 30. Kf1 Rcb8 31. d6 Rd8 32. Rxc3 Rbxd6 33. axb4 cxb4 34. Rxb4 Rd1+ 35. Kg2 Qa5 36. Rbc4 Qa1 37. Qh2 R8d6 38. h5 R1d2 39. Qe5 Rf6 40. Rc8+ Kh7 41. Rh8+ Kxh8 42. Rc8+ 1-0

[Event "CYCC U18"]
[Site "Victoria CAN"]
[Date "2005.03.24"]
[Round "2.5"]
[White "Daswani, Benedict"]
[Black "Harper, Jamie"]
[Result "1-0"]
[WhiteElo "1983"]
[BlackElo "1606"]
[PlyCount "55"]
[GameId "2160767910965326"]
[EventDate "2005.03.24"]
[EventType "swiss"]
[EventRounds "7"]
[EventCountry "CAN"]

1. g3 e5 2. d3 Nc6 3. Bg2 g6 4. Nc3 Bg7 5. e4 Nge7 6. Be3 d6 7. Qd2 O-O 8. Bh6 f5 9. O-O-O fxe4 10. dxe4 Bxh6 11. Qxh6 Kh8 12. Rf1 Ng8 13. Qe3 Bd7 14. Nge2 Nf6 15. h3 Qe7 16. f4 Be6 17. f5 gxf5 18. exf5 Bg8 19. g4 d5 20. g5 d4 21. gxf6 Rxf6 22. Qg5 dxc3 23. Nxc3 h6 24. Qh4 Raf8 25. Bxc6 bxc6 26. Ne4 R6f7 27. f6 Qd7 28. Qxh6+ 1-0

[Event "CYCC U18"]
[Site "Victoria CAN"]
[Date "2005.03.24"]
[Round "2.6"]
[White "Verdenik, Chris"]
[Black "Abrahams, Daniel"]
[Result "0-1"]
[WhiteElo "1115"]
[BlackElo "1927"]
[PlyCount "72"]
[GameId "2160767910965327"]
[EventDate "2005.03.24"]
[EventType "swiss"]
[EventRounds "7"]
[EventCountry "CAN"]

1. e4 c5 2. Nf3 e6 3. d4 cxd4 4. Nxd4 a6 5. Bd3 Nc6 6. Nxc6 bxc6 7. O-O d5 8. Nd2 Nf6 9. e5 Nd7 10. Re1 Be7 11. Nf3 c5 12. b3 Rb8 13. Bd2 O-O 14. Qc1 Re8 15. Bxh7+ Kxh7 16. Ng5+ Bxg5 17. Bxg5 f6 18. Bd2 Nxe5 19. c4 dxc4 20. bxc4 Kg8 21. Rd1 Qe7 22. Ba5 Nc6 23. Bc3 e5 24. Qc2 Nd4 25. Qd2 Bb7 26. Re1 Qf7 27. Bxd4 cxd4 28. f3 Qxc4 29. Rec1 Qf7 30. a4 Rec8 31. Rxc8+ Rxc8 32. Rc1 Rxc1+ 33. Qxc1 Qb3 34. Qc7 Qc3 35. Qd8+ Kh7 36. Qe8 Qe1# 0-1

[Event "CYCC U18"]
[Site "Victoria CAN"]
[Date "2005.03.25"]
[Round "3.1"]
[White "Stevens, Christian"]
[Black "Bluvshtein, Mark"]
[Result "1/2-1/2"]
[WhiteElo "2344"]
[BlackElo "2526"]
[PlyCount "24"]
[GameId "2160767910965328"]
[EventDate "2005.03.24"]
[EventType "swiss"]
[EventRounds "7"]
[EventCountry "CAN"]

1. e4 c5 2. Nf3 d6 3. d4 cxd4 4. Nxd4 Nf6 5. f3 e5 6. Nb3 d5 7. Bg5 Be6 8. Bxf6 gxf6 9. exd5 Bxd5 10. Nc3 Bb4 11. Qd2 Nc6 12. O-O-O Bxb3 1/2-1/2

[Event "CYCC U18"]
[Site "Victoria CAN"]
[Date "2005.03.25"]
[Round "3.3"]
[White "Abrahams, Daniel"]
[Black "Yuan, Michael"]
[Result "0-1"]
[WhiteElo "1927"]
[BlackElo "2131"]
[PlyCount "48"]
[GameId "2160767910965330"]
[EventDate "2005.03.24"]
[EventType "swiss"]
[EventRounds "7"]
[EventCountry "CAN"]

1. d4 Nf6 2. Nf3 e6 3. Bf4 b6 4. e3 Bb7 5. Nbd2 d6 6. h3 Nbd7 7. Bd3 Be7 8. a4 c5 9. c3 O-O 10. a5 cxd4 11. exd4 e5 12. dxe5 dxe5 13. Bxe5 Nxe5 14. Nxe5 Bxg2 15. Rg1 Qd5 16. Ng4 Qxd3 17. Rxg2 Qxh3 18. Nxf6+ Bxf6 19. Qg4 Rfe8+ 20. Kd1 Qh1+ 21. Rg1 Qd5 22. axb6 Rad8 23. Qf4 Re4 24. Qh6 Kf8 0-1

[Event "CYCC U18"]
[Site "Victoria CAN"]
[Date "2005.03.25"]
[Round "3.5"]
[White "Harper, Jamie"]
[Black "Lee, Jason"]
[Result "0-1"]
[WhiteElo "1606"]
[BlackElo "1894"]
[PlyCount "24"]
[GameId "2160767910965332"]
[EventDate "2005.03.24"]
[EventType "swiss"]
[EventRounds "7"]
[EventCountry "CAN"]

1. e4 c5 2. Nc3 Nc6 3. g3 g6 4. Bg2 Bg7 5. Nge2 e6 6. d3 Nge7 7. Be3 d6 8. Qd2 h5 9. O-O-O Nd4 10. h3 Qa5 11. Kb1 Nec6 12. f4 Nb4 0-1

[Event "CYCC U18"]
[Site "Victoria CAN"]
[Date "2005.03.25"]
[Round "3.6"]
[White "Kostin, Andrey"]
[Black "Verdenik, Chris"]
[Result "1-0"]
[WhiteElo "1992"]
[BlackElo "1115"]
[PlyCount "77"]
[GameId "2160767910965333"]
[EventDate "2005.03.24"]
[EventType "swiss"]
[EventRounds "7"]
[EventCountry "CAN"]

1. d4 d5 2. c4 dxc4 3. Nf3 Nf6 4. e3 e6 5. Bxc4 Bb4+ 6. Nc3 a6 7. O-O b5 8. Bd3 O-O 9. e4 Bxc3 10. bxc3 c6 11. Bg5 Nbd7 12. e5 Re8 13. exf6 Nxf6 14. Ne5 Bb7 15. Ng4 h6 16. Nxf6+ gxf6 17. Bxh6 f5 18. Qh5 Qf6 19. Rfe1 Qg6 20. Qxg6+ fxg6 21. Re5 Rad8 22. Rae1 Bc8 23. Bc2 Rd5 24. Bb3 Rxe5 25. dxe5 a5 26. Rd1 a4 27. Bc2 c5 28. Be3 b4 29. Bxa4 Re7 30. Bxc5 Bd7 31. Rxd7 Rxd7 32. Bxd7 bxc3 33. Bxe6+ Kg7 34. Bb3 Kh6 35. e6 Kg5 36. e7 f4 37. e8=Q c2 38. Bxc2 f3 39. Qxg6+ 1-0